Ảnh hưởng của lãnh đạo an toàn và động lực an toàn đối với hành vi an toàn: vai trò điều tiết của áp lực công việc : Luận văn thạc sĩ - Chuyên ngành: Quản trị kinh doanh

Uloženo v:
Podrobná bibliografie
Hlavní autoři:  Ảnh hưởng của lãnh đạo an toàn và động lực an toàn đối với hành vi an toàn: vai trò điều tiết của áp lực công việc : Luận văn thạc sĩ - Chuyên ngành: Quản trị kinh doanh,  Hồ, Ý Hiệp
Médium: Luận văn
Jazyk:Undetermined
Vydáno:  Đại học Công nghiệp TP. Hồ Chí Minh  2023
Témata:
Tagy: Přidat tag
Žádné tagy, Buďte první, kdo otaguje tento záznam!
Thư viện lưu trữ: Trung tâm Thư viện - Trường Đại học Công nghiệp TP. Hồ Chí Minh
LEADER 01043nam a2200157Ia 4500
001 UIH_08578
008 241002s9999 xx 000 0 und d
082 |a  658.4 
100 |a  Ảnh hưởng của lãnh đạo an toàn và động lực an toàn đối với hành vi an toàn: vai trò điều tiết của áp lực công việc : Luận văn thạc sĩ - Chuyên ngành: Quản trị kinh doanh 
100 |a  Hồ, Ý Hiệp 
245 0 |a  Ảnh hưởng của lãnh đạo an toàn và động lực an toàn đối với hành vi an toàn: vai trò điều tiết của áp lực công việc : Luận văn thạc sĩ - Chuyên ngành: Quản trị kinh doanh 
260 |b  Đại học Công nghiệp TP. Hồ Chí Minh 
260 |c  2023 
650 |a Quản trị kinh doanh; An toàn lao động; Quản lý điều hành 
927 |a Luận văn 
980 |a Trung tâm Thư viện - Trường Đại học Công nghiệp TP. Hồ Chí Minh